Art Movements Quiz Stats

 Plays Quiz Updated Nov 30, 2018

Score 0/24 Timer 07:00
5 Plays Today
Years Period or Movement % Correct
1860's to 1880'sImpressionism
82%
1907 - 1914Cubism
75.6%
Early 16th CenturyHigh Renaissance
72.6%
1924 to 1950'sSurrealism
68.9%
1950's to 1960'sPop Art
68.4%
1830's - 1850'sRealism
63%
1946 to 1960'sAbstract Expressionism
55.1%
17th CenturyBaroque
50.4%
1880'sPointillism
49.4%
1905 to 1940'sExpressionism
49.2%
1916 - 1922Dada
42.7%
1790 - 1880Romanticism
41.6%
Years Period or Movement % Correct
1880's to 1900Post-Impressionism
39.4%
12th Century to 16th CenturyGothic Art
33.1%
1715 to 1774Rococo
29.8%
1898-1908Fauvism
28.2%
Mid to Late 19th CenturyVictorian Classicism
23.7%
Late 19th Century to Early 20th CenturyArt Nouveau
23.1%
1750 - 1880Neoclassicism
23%
1920's to 1930'sArt Deco
22.6%
1919-1933Bauhaus
21%
Mid to Late 16th CenturyMannerism
20.7%
Late 19th CenturySymbolism
13.8%
1920 to 1940Neo-Plasticism
13.2%

You're not logged in!

Compare scores with friends on all Sporcle quizzes.
OR
Log In

You Might Also Like...

Show Comments

Extras

Top Quizzes Today


Score Distribution

Your Account Isn't Verified!

In order to create a playlist on Sporcle, you need to verify the email address you used during registration. Go to your Sporcle Settings to finish the process.

Report this User

Report this user for behavior that violates our Community Guidelines.

Details: